=LDR 00000nam 2200000 4500 =001 INLIS000000000013554 =005 20130612104929 =008 ***********************************Ind** =035 ##$$a0010-061300000013554 =041 ##$$a Ind =082 ##$$a F Rom D =090 ##$$a F Rom D, Kae p =100 ##$$a AL- Kaelani, Najeeb =245 ##$$a Pejuang palestina, Najeeb Al- Kaelani;Peterjemah,Rahimal Baso =260 ##$$a 2002 $b Yogyakarta =300 ##$$a 297 hlm, 20 cm =650 ##$$a Fiksi dewasa - Terjemahan =850 ##$$a NBPNMAT =990 ##$$a 92105/BPAP-NTB/2014